000 00498cam a22001097a 4500
008 180718b--- xxu||||| |||| 00| 0 eng d
082 _aT068x54 In2
245 _aTables with notes on small scale manufacture in rural and urban areas, no 218
_cby National Sample Survey Organisation. Department of Statistics. Ministry of Planning
260 _aNew Delhi
_bGovernment of India
_c---
300 _av.p.
700 _aIndia. National Sample Survey Organisation. Department of Statistics. Ministry of Planning
999 _c497143
_d497143